Claves para la interpretación de la Constitución cubana de 2019 /

Bibliographic Details
Other Authors: Villabella Armengol, Carlos Manuel (Editor), Pérez Gallardo, Leonardo B. (Editor)
Format: Electronic eBook
Language:Spanish
Published: Santiago, Chile : Ediciones Olejnik, [2021]
Series:Biblioteca de derecho constitucional (Ediciones Olejnik)
Subjects:
Online Access:Digitalia Hispánica

MARC

LEADER 00000nam a2200000Ii 4500
001 DIGOLEJNK0012
003 NyNyDIG
006 m o d
007 cr |||||||||||
008 220524s2021 cl ob 000 0 spa d
035 |a (OCoLC)1335134237 
040 |a DGITA  |b eng  |e rda  |e pn  |c DGITA 
020 |z 9789564070926 
043 |a nwcu--- 
050 1 4 |a KGN2919 ebook 
245 0 0 |a Claves para la interpretación de la Constitución cubana de 2019 /  |c Carlos Manuel Villabella Armengol, Leonardo B. Pérez Gallardo, directores. 
264 1 |a Santiago, Chile :  |b Ediciones Olejnik,  |c [2021] 
300 |a 1 online resource. 
336 |a text  |b txt  |2 rdacontent 
337 |a computer  |b c  |2 rdamedia 
338 |a online resource  |b cr  |2 rdacarrier 
347 |a text file  |2 rdaft 
347 |b PDF 
490 1 |a Biblioteca de derecho constitucional 
504 |a Includes bibliographical references. 
588 0 |a Online resource; title from PDF title page (Digitalia, viewed May 24, 2022) 
610 1 0 |a Cuba.  |t Constitución (2019) 
650 0 |a Civil rights  |z Cuba. 
650 0 |a Constitutional law  |z Cuba. 
650 0 |a Constitutions  |z Cuba. 
700 1 |a Villabella Armengol, Carlos Manuel,  |e editor. 
700 1 |a Pérez Gallardo, Leonardo B.,  |e editor. 
655 0 |a Electronic books. 
791 2 |a Digitalia (Firm),  |e distributor. 
793 0 |g Digitalia eBook Collection:  |a Ediciones Olejnik 
776 0 8 |i Print version:  |t Claves para la interpretación de la Constitución cubana de 2019.  |b Primera edición en Ediciones Olejnik.  |d Santiago, Chile : Ediciones Olejnik, 2021  |z 9789564070926 
830 0 |a Biblioteca de derecho constitucional (Ediciones Olejnik) 
856 4 0 |3 Digitalia Hispánica  |u https://www.digitaliapublishing.com/a/104172/ 
910 |a Premium collection: 2022